Państwa Podległe,Terytoria zależne - Statystyki

Ogólne statystyki
  • Ten quiz został rozwiązany 27 razy
    24 od ostatniego zresetowania
  • Średni wynik to 19 z 64
Statystyki odpowiedzi
Odpowiedź Kraj % Poprawnych
Wyspy Owcze Dania
72%
Naddniestrze Mołdawia
67%
Grenlandia Dania
61%
Abchazja Gruzja
56%
Cypr Północny Cypr
56%
Gibraltar Wielka Brytania
56%
Portoryko Stany Zjednoczone
56%
Somaliland Somalia
56%
Palestyna Izrael
50%
Curacao Holandia
44%
Guernsey Wielka Brytania
44%
HongKong Chiny
44%
Osetia Południowa Gruzja/Rosja
44%
Polinezja Francuska Francja
44%
Aruba Holandia
39%
Bermudy Wielka Brytania
39%
Niue Nowa Zelandia
39%
Sahara Zachodnia Maroko
39%
Wyspa Man Wielka Brytania
39%
Wyspa Świętej Heleny Wielka Brytania
39%
Brytyjskie Wyspy Dziewicze Wielka Brytania
33%
Guam Stany Zjednoczone
33%
Gujana Francuska Francja
33%
Kajmany Wielka Brytania
33%
Makau Chiny
33%
Martynika Francja
33%
Nowa Kaledonia Francja
33%
Samoa Amerykańskie Stany Zjednoczone
33%
Tajwan Chiny
33%
Turks i Caicos Wielka Brytania
33%
Wyspy Cooka Nowa Zelandia
33%
Anguilla Wielka Brytania
28%
Falklandy Wielka Brytania
28%
Gwadelupa Francja
28%
Majotta Francja
28%
Pitcairn Wielka Brytania
28%
Wyspy Alandzkie Finlandia
28%
Wyspy Kokosowe Australia
28%
Montserrat Wielka Brytania
22%
Reunion Francja
22%
Saint Martin Holandia/Francja
22%
Sint Maarten Holandia
22%
Tokelau Nowa Zelandia
22%
Wyspy Wielkanocne Chile
22%
Brytyjskie Terytorium Oceanu Indyjskiego Wielka Brytania
17%
Mariany Północne Stany Zjednoczone
17%
Saint Barthelemy Francja
17%
Saint Pierre i Miquelon Francja
17%
Wallis i Futuna Francja
17%
Wyspy Bożego Narodzenia Australia
17%
Francuskie Terytoria Południowe i Antarktyczne Francja
11%
Wyspa Norfolk Australia
11%
Wyspa Wniebowstąpienia Wielka Brytania
11%
Wyspy Kanaryjskie Hiszpania
11%
Amerykańskie Wyspy Dziewicze Stany Zjednoczone
6%
Clipperton Francja
6%
Georgia Południowa i Sandwich Południowy Wielka Brytania
6%
Johnston Stany Zjednoczone
6%
Svalbard i Jan Mayen Norwegia
6%
Wyspa Bouveta Norwegia
6%
Wyspy Hearda i McDonalda Australia
6%
Ashmore i Cartier Australia
0%
Niderlandy Karaibskie Holandia
0%
Wyspy Morza Koralowego Australia
0%
Nie znaleziono quizów pasujących do podanych kryteriów
Rozkład punktacji
Procent ludzi z każdym wynikiem
Percentyl według liczby udzielonych odpowiedzi
Twoja historia wyników
Nie rozwiązałeś tego quizu od ostatniego zresetowania